| 000 | 00670nam a2200193Ia 4500 | ||
|---|---|---|---|
| 003 | GCL | ||
| 008 | 140319s9999 xx 000 0 ara d | ||
| 040 |
_aGCL / _cGCL |
||
| 082 | 0 | 4 |
_a240 _bا ب |
| 100 | 1 | _aاحمد حجازى احمد السقا | |
| 245 | 1 | 0 |
_aالبشارة بنبى الاسلام فى التوراة والانجيل / _cاحمد حجازى احمد السقا |
| 260 |
_aبيروت : _bدار الجيل ، _c1989 |
||
| 300 |
_a817 ص ؛ _c24 سم |
||
| 490 | _a | ||
| 650 | 0 | 4 | _aالاسلام والمسيحية |
| 650 | 0 | 4 | _aالاسلام والديانات الاخرى |
| 650 | 0 | 4 | _aالاسلام واليهودية |
| 942 |
_2ddc _cBK |
||
| 999 |
_c29825 _d29825 |
||